000 00912 a2200217 4500
003 MN-UlNLM
005 20220923110807.0
008 a130t1997 mp ||||| |||| 00| 0 mon d
040 _aМонгол Улсын Үндэсний номын сан
084 _a63.3(5Мон)
_2NNA
_bЛ 874
_q63
100 1 _aЛхагва С.
245 0 _aХотгойдын дүүрэгч вангийн хошууны түүх
_cРед. Г. Чулуунбаатар
260 0 _c1997
_aУБ
300 _a266x
546 _aMongolia
653 _aТүүх
740 _aХөрс
_aАгуй
_aУур амьсгал
_aАн амьтан
_aГазар хөдлөлт
_aТэсийн голын унага
_aСур
_aХошууны бөхчүүд
_aХурим
_aХүндэтгэл
_aХүүхдийн үс авах
_aАх дүү бололцох
_aМэрэг төлөг
_aУгсаа
856 _aprintbook
942 _cBK
999 _c73086
_d73086